000 00584nam a2200205Ia 4500
003 GCL
008 140319s9999 xx 000 0 eng d
040 _aGCL /
_cGCL
082 0 4 _a724.9
_bE B
100 1 _aECONOMABIS, RICHARD
245 1 0 _aBUILDING CLASSICAL: A VISION OF EUROPE AND AMERICA /
_cECONOMABIS, RICHARD
260 _a[S.N] :
_bACADEMY EDITIONS ،
_c1993
300 _a299 P
650 0 4 _aAMERICAN ARCHITECTURE
650 0 4 _aARCHITECTURE
650 0 4 _aMODERN ARCHITECTURE
650 0 4 _aARCHITECTURE, CLASSICAL
650 0 4 _aEUROPE ARCHITECTURE
942 _2ddc
_cBK
999 _c11425
_d11425